| 000 | 00589nam a2200145Ia 4500 | ||
|---|---|---|---|
| 005 | 20260209120146.0 | ||
| 008 | 260209s9999||||xx |||||||||||||| ||und|| | ||
| 100 | _aNikita Swamy | ||
| 245 | 0 | _aGender diversity in corporate laws | |
| 260 |
_aBangaloreBangalore _bNLSIU, Bangalore _c2022 |
||
| 300 | _a51 p. ; 25 cm. | ||
| 505 | _aCompanies Act Feminism Gender Diversity - Corporate Boards Indian Corporate Laws - Gender Diversity | ||
| 700 | _aProf. Dr. Sarasu Esther Thomas - SupervisorProf. Dr. Sarasu Esther Thomas - Supervisor | ||
| 856 | _uhttps://dans.nls.ac.in/handle/123456789/1153 | ||
| 999 |
_c217551 _d217551 |
||